000 00974cam a22003257a 4500
003 CHAP
005 20220329134040.0
008 971013s1978 r 00010 d
010 _a14636
011 _a15608
035 _a19684
040 _cCHAP
082 _a335.4
_bG6
100 0 0 _aGorkin, J. C.
_ecomp.
_950045
245 1 3 _aLa transición del capitalismo
_b: Marx, Engels, Lafargue, Luxemburgo, Lenin, Troisky, Bujarin
260 _aMadrid :
_bAkal,
_c1978
300 _a231 p.
490 0 _aAkal
_v; 116
590 _aBATCH-UPD
_b10
_c20130110
_lUCH01
_h1002
590 _aCONVERSION
_b10
_c20130109
_lUCH01
_h1309
650 1 4 _aCapitalismo.
_918711
650 1 4 _aComunismo.
_926257
650 1 4 _aMarxismo.
_972728
650 1 4 _aSocialismo.
_9108040
830 0 _aAkal
_v; 116
_93264
901 _aBK
942 _cLIBRO
949 _a335.4 G6
_bBC
_cLIBRO
_d33724000358669
_eLIBRO
_i19684
_si
949 _a335.4 G6
_bBC
_cLIBRO
_d33724000358784
_eLIBRO
_fc.2
_i19684
_si
999 _c14636
_d14636